000 01801cam a22003737a 4500
001 14621715
003 NUST
005 20221024184348.0
008 061103s2006 gw a sb 101 0 eng d
010 _a 2006937888
020 _a354068297X
020 _a9783540682974
035 _a(OCoLC)ocm78886654
040 _aHNK
_cHNK
_dDLC
042 _alccopycat
050 0 0 _aTK8315
_b.I36 2006
082 _a006.367,CHA
111 2 _aIEEE Pacific Rim Symposium on Image and Video Technology
_n(1st :
_d2006 :
_cHsinchu City, Taiwan)
_9101323
245 1 0 _aAdvances in image and video technology :
_bfirst Pacific Rim Symposium, PSIVT 2006, Hsinchu, Taiwan, December 10-13, 2006 ; proceedings /
_cLong-Wen Chang, Wen-Nung Lie (eds.).
246 3 0 _aPSIVT 2006
260 _aBerlin :
_bSpringer,
_cc2006.
300 _axxvi, 1347 p. :
_bill. (some col.)
_c24 cm.
440 0 _aLecture notes in computer science,
_x0302-9743 ;
_v4319
_926093
505 _a3D Scene Modeling (Page-1), Image Analysis (Page-108), Intelligent Vision Applications (Page-433), Multimedia Compression and Transmission (Page-712), Multimedia Signal Processing (Page-997), Panoramic Imaging and Distributed video System (Page-1195), Sensor Technology (Page-1225), Visualization (Page-1264).
650 0 _aImaging systems
_vCongresses.
_9101324
650 0 _aImage analysis
_vCongresses.
_9101325
650 0 _aComputer vision
_vCongresses.
_981807
650 0 _aSignal processing
_vCongresses.
_9101326
700 1 _aChang, Longwen,
_d1953-
_9101327
700 1 _aLie, Wen-Nung.
_9101328
856 4 2 _3Publisher description
_uhttp://www.loc.gov/catdir/enhancements/fy0825/2006937888-d.html
856 4 1 _3Table of contents only
_uhttp://www.loc.gov/catdir/enhancements/fy1504/2006937888-t.html
942 _2ddc
_cBK
_k006.367,CHA
999 _c592022
_d592022